[Event "TH-S-1343"]
[Site "IECC email"]
[Date "2021.05.07"]
[Round "?"]
[White "Kamrath, Michael"]
[Black "Hughes, Peter James"]
[Result "1-0"]
[WhiteElo "1388"]
[BlackElo "1075"]
[PlyCount "43"]
[EventDate "2021.??.??"]
[EventType "tourn (corr)"]
[SourceTitle "Corr 2024"]
[Source "ChessBase"]
[SourceDate "2023.10.19"]
[SourceVersion "1"]
[SourceVersionDate "2023.10.19"]
[SourceQuality "1"]
[WhiteTeam "Vereinigte Staaten"]
[BlackTeam "Australien"]
[WhiteTeamCountry "USA"]
[BlackTeamCountry "AUS"]

1. e4 e5 2. Nf3 Nc6 3. d4 exd4 4. c3 Nf6 5. e5 Nd5 6. cxd4 Be7 7. Qb3 Nb6 8. d5 Nb8 9. Bd3 0-0 10. d6 cxd6 11. exd6 Bf6 12. Nc3 Qe8+ 13. Ne4 Nc6 14. 0-0 Ne5 15. Nxf6+ gxf6 16. Bh6 Nxf3+ 17. gxf3 Kh8 18. Bxf8 Qxf8 19. Kh1 Rb8 20. Rae1 Na8 21. Qd5 h6 22. Qf5 1-0

[Event "IECC Swiss-523.2"]
[Site "IECC email"]
[Date "2007.09.15"]
[Round "?"]
[White "Cremers, Frans Jozef"]
[Black "Kamrath, Michael"]
[Result "1-0"]
[WhiteElo "1466"]
[BlackElo "1469"]
[PlyCount "49"]
[EventDate "2007.??.??"]
[EventType "swiss (corr)"]
[EventRounds "1"]
[SourceTitle "Corr 2011"]
[Source "ChessBase"]
[SourceDate "2010.08.31"]
[SourceVersion "1"]
[SourceVersionDate "2010.08.31"]
[SourceQuality "1"]
[WhiteTeam "Netherlands"]
[BlackTeam "Australia"]
[WhiteTeamCountry "NED"]
[BlackTeamCountry "AUS"]

1. e4 e5 2. Nf3 Nc6 3. Bc4 Nf6 4. Ng5 Bc5 5. Bxf7+ Ke7 6. Bd5 Rf8 7. Nf3 Nb4 8. 0-0 c6 9. Bb3 d5 10. exd5 e4 11. d4 exd3 12. Qe1+ Kf7 13. dxc6+ Nbd5 14. cxb7 Bxb7 15. Ng5+ Kg8 16. Qe6+ Kh8 17. Nf7+ Rxf7 18. Qxf7 Qb6 19. c4 Rf8 20. Qxf8+ Bxf8 21. cxd5 Nxd5 22. Bd2 Qc6 23. f3 Bc5+ 24. Kh1 Be3 25. Bxd5 1-0